Complete the Harry Styles lyrics - Statistics

General Stats
  • This quiz has been taken 121 times
  • The average score is 6 of 12
Answer Stats
Hint Answer % Correct
tastes like ____, on a summer evening strawberries
94%
go home get ahead, ___ ___ internet light speed
87%
send his assistant for ___ in the afternoon coffee
69%
loving you’s the ___ antidote
57%
gets into ___ without invitations parties
56%
i’m on the roof, you’re in your ___ seat airplane
55%
you can’t ___ the door on your way to the sky bribe
53%
strawberry lipstick ___ _ ___ state of mind
50%
i can see you’re ___ down there lonely
41%
somehow you’ve become some ___ paranoia
32%
it’d be so ___ if things just stayed the same sweet
23%
this thing upon me, ___ like a beast howls
21%
No matching quizzes found
Score Distribution
Percent of People with Each Score
Percentile by Number Answered
Your Score History
You have not taken this quiz